Online Catalogue and eLibrary

The song of freedom (Record no. 3355)

MARC details
000 -LEADER
fixed length control field 00385nam a2200157Ia 4500
005 - DATE AND TIME OF LATEST TRANSACTION
control field 20241213020742.0
008 - FIXED-LENGTH DATA ELEMENTS--GENERAL INFORMATION
fixed length control field 240331s9999 xx 000 0 und d
082 ## - DDC Classification
Item Number - Author Mark GUN
Class No. 823
100 ## - MAIN ENTRY--PERSONAL NAME
Personal name Gunaratne, E.H
245 #4 - TITLE STATEMENT
Title The song of freedom
250 ## - EDITION STATEMENT
Edition statement 2nd
260 ## - PUBLICATION, DISTRIBUTION, ETC.
Place of publication, distribution, etc. London
Name of publisher, distributor, etc. Lowe and Brydone Printers Limited
Date of publication, distribution, etc. 1947
300 ## - PHYSICAL DESCRIPTION
Extent (e.g. Volumes, Pages etc.) 115 P .,
650 ## - SUBJECT ADDED ENTRY--TOPICAL TERM
Topical term or geographic name entry element Short Stories
942 ## - Koha item type (Biblio)
Koha item type Books in Stacks (Lending)
Holdings
Lost status Damaged status Collection code Home library Current library Shelving location Date acquired Full call number Accession Number Item type
    Lending WERC Library WERC Library Social Science Cupboard 03/31/2024 821 GUN 250 Books in Stacks (Lending)

© WERC Library